A midsummer night's dream / (Record no. 115508)
[ view plain ]
| 000 -LEADER | |
|---|---|
| fixed length control field | 00981cam a2200313 i 4500 |
| 001 - CONTROL NUMBER | |
| control field | 4652925 |
| 003 - CONTROL NUMBER IDENTIFIER | |
| control field | SISC |
| 005 - DATE AND TIME OF LATEST TRANSACTION | |
| control field | 20160304134515.0 |
| 008 - FIXED-LENGTH DATA ELEMENTS--GENERAL INFORMATION | |
| fixed length control field | 800102s1979 enk b 000 0 eng |
| 010 ## - LIBRARY OF CONGRESS CONTROL NUMBER | |
| LC control number | 79321722 |
| 015 ## - NATIONAL BIBLIOGRAPHY NUMBER | |
| National bibliography number | GB*** |
| 020 ## - INTERNATIONAL STANDARD BOOK NUMBER | |
| International Standard Book Number | 0-671-53140-9 |
| 040 ## - CATALOGING SOURCE | |
| Original cataloging agency | DLC |
| Transcribing agency | DLC |
| Modifying agency | DLC |
| 050 00 - LIBRARY OF CONGRESS CALL NUMBER | |
| Classification number | PR 2827.A2 |
| Item number | .Sh527 1958 |
| 100 1# - MAIN ENTRY--PERSONAL NAME | |
| Personal name | Shakespeare, William, |
| Dates associated with a name | 1564-1616. |
| 9 (RLIN) | 13077 |
| 245 12 - TITLE STATEMENT | |
| Title | A midsummer night's dream / |
| Statement of responsibility, etc | [William Shakespeare] ; edited by Harold F. Brooks. |
| 260 ## - PUBLICATION, DISTRIBUTION, ETC. (IMPRINT) | |
| Place of publication, distribution, etc | New York : |
| Name of publisher, distributor, etc | Simon & Schuster, Inc, |
| Date of publication, distribution, etc | c1958. |
| 300 ## - PHYSICAL DESCRIPTION | |
| Extent | cxliii, 164 p. : |
| Dimensions | 23 cm. |
| 490 0# - SERIES STATEMENT | |
| Series statement | The Arden Shakespeare |
| 504 ## - BIBLIOGRAPHY, ETC. NOTE | |
| Bibliography, etc | Bibliography: p. xiii-xx. |
| 650 #0 - SUBJECT ADDED ENTRY--TOPICAL TERM | |
| Topical term or geographic name as entry element | Courtship |
| General subdivision | Drama. |
| 9 (RLIN) | 13078 |
| 651 #0 - SUBJECT ADDED ENTRY--GEOGRAPHIC NAME | |
| Geographic name | Athens (Greece) |
| General subdivision | Drama. |
| 9 (RLIN) | 13079 |
| 655 #7 - INDEX TERM--GENRE/FORM | |
| Genre/form data or focus term | Fairy plays. |
| Source of term | lcsh |
| 9 (RLIN) | 12717 |
| 655 #7 - INDEX TERM--GENRE/FORM | |
| Genre/form data or focus term | Comedies. |
| Source of term | gsafd |
| 9 (RLIN) | 7774 |
| 700 1# - ADDED ENTRY--PERSONAL NAME | |
| Personal name | Brooks, Harold Fletcher. |
| 9 (RLIN) | 13080 |
| 906 ## - LOCAL DATA ELEMENT F, LDF (RLIN) | |
| a | 7 |
| b | cbc |
| c | orignew |
| d | 4 |
| e | ncip |
| f | 19 |
| g | y-gencatlg |
| 942 ## - ADDED ENTRY ELEMENTS (KOHA) | |
| Source of classification or shelving scheme | Library of Congress Classification |
| Koha item type | Books |
| Withdrawn status | Lost status | Source of classification or shelving scheme | Damaged status | Home library | Current library | Shelving location | Date acquired | Sub Shelving location | Total Checkouts | Total Renewals | Full call number | Barcode | Date last seen | Date checked out | Copy number | Price effective from | Koha item type |
|---|---|---|---|---|---|---|---|---|---|---|---|---|---|---|---|---|---|
| Library of Congress Classification | Luxembourg Library | Luxembourg Library | High School Section | 04/26/2014 | 3 | 5 | PR 2827.A2 .Sh527 1958 | 14317 | 01/29/2020 | 11/25/2019 | 1 | 04/26/2014 | Books |